000 00879na a2200265 4500
001 14791
003 MIRAKIL
005 20181213155021.0
008 160901b tu 000 0
020 _a9789750151002
035 _a14791
040 _aMilas
_btur
_cTR-AnCHP
082 _aATA/B 923.156
_bM87 2007
090 _aATA/B 923.156 M87 2007
245 _aMustafa Kemal Atatürk'e saygı
_cderleyen & hazırlayan Ahmet Ömer Kibar...[ve öte.]
260 _aİstanbul
_bAtatürkçü Düşünce Kültür Yayınları
_c2007
300 _a2 c.
_bfotg.
_c34 sm.
504 _aKaynakça var.
600 _aAtatürk, Mustafa Kemal
_d1881-1938
_xYaşamöyküsü
600 _aAtatürk, Mustafa Kemal
_d1881- 1938
_xAnma kitabı
600 _aAtatürk, Mustafa Kemal
_d1881-1938
_xAlbümler
650 _aAtatürkçülük
700 _aKibar, Ahmet Ömer
942 _2dcc
_cBKS
999 _c4877
_d4877